Ολιβιε Ντεμπρέ
Saved in:
| Corporate Author: | |
|---|---|
| Format: | Book |
| Language: | Greek |
| Published: |
Αθήνα :
Υπουργείο Πολιτισμού,
1989
|
| Subjects: | |
| Tags: |
Add Tag
No Tags, Be the first to tag this record!
|
MARC
| LEADER | 00000nam a2200000 i 4500 | ||
|---|---|---|---|
| 001 | 1/102955 | ||
| 008 | 950511s1988 gre d | ||
| 035 | |l 10012705 | ||
| 040 | |a GR-MY-UA |b gre |e aacr | ||
| 041 | 0 | |a gre | |
| 082 | 0 | |a 759.4 | |
| 110 | 2 | |a Εθνική Πινακοθήκη - Μουσείο Αλεξάνδρου Σούτζου. | |
| 245 | 1 | 0 | |a Ολιβιε Ντεμπρέ / |c Εθνική Πινακοθήκη |
| 260 | |a Αθήνα : |b Υπουργείο Πολιτισμού, |c 1989 | ||
| 300 | |a 47 σ. | ||
| 600 | 0 | 0 | |a Debre Olivier |d 1920- |
| 650 | 0 | 0 | |a Painting, French. |
| 650 | 0 | 0 | |a Painters |z France. |
| 852 | |a INST |b LESVOS |e 19950511 |h 759.4 ΟΛΙ |p 005100000974 |q 005100000974 |t BK |y 0 | ||
| 909 | |a Λ |b 022942 | ||
| 922 | |a 1ΔΩΡ |b 199203 | ||